00532nam a2200169Ia 450000500170000000800410001702000150005808200130007310000200008624500350010626000390014130000130018050000550019394200060024895200950025499900130034920250514014751.0240331s9999 xx 000 0 und d a9552032512 a294bABA aAbayasundara, V 0aAadima yugaye baoudda kanthawo aColombobS Godake & Brothersc1999 a184 p ., aA Book About Ancient Buddhist Women's in Sri Lanka cL 001040708LaWERCLbWERCLcSSCd2024-03-31l0o 294 ABAp4778r2024-03-31w2024-03-31yL c879d879